The Making of a mentor : (Record no. 841)
[ view plain ]
| 000 -LEADER | |
|---|---|
| fixed length control field | 00692cam a22002052 4500 |
| 001 - CONTROL NUMBER | |
| control field | 0000009377 |
| 005 - DATE AND TIME OF LATEST TRANSACTION | |
| control field | 20151021151121.0 |
| 008 - FIXED-LENGTH DATA ELEMENTS--GENERAL INFORMATION | |
| fixed length control field | 081008s xx 000 0 eng d |
| 020 ## - INTERNATIONAL STANDARD BOOK NUMBER | |
| International Standard Book Number | 1932805303 : |
| Terms of availability | KES 650 |
| 040 ## - CATALOGING SOURCE | |
| Original cataloging agency | KABU |
| Transcribing agency | KABU |
| 100 1# - MAIN ENTRY--PERSONAL NAME | |
| Personal name | Engstrom, Ted W. |
| -- | 0000161185 |
| 245 14 - TITLE STATEMENT | |
| Title | The Making of a mentor : |
| Remainder of title | 9 essential characteristics of influential christian leaders / |
| Statement of responsibility, etc. | Ted W. Engstrom, Ron Jenson. |
| 260 ## - PUBLICATION, DISTRIBUTION, ETC. (IMPRINT) | |
| Place of publication, distribution, etc. | Federal Way, WA : |
| Name of publisher, distributor, etc. | World Vision, |
| Date of publication, distribution, etc. | 2005. |
| 300 ## - PHYSICAL DESCRIPTION | |
| Extent | xvi, 217 p. |
| 650 #0 - SUBJECT ADDED ENTRY--TOPICAL TERM | |
| Topical term or geographic name as entry element | Mentoring in church work. |
| -- | 0000161186 |
| 700 1# - ADDED ENTRY--PERSONAL NAME | |
| Personal name | Jenson, Ron. |
| -- | 0000161187 |
| 908 ## - PUT COMMAND PARAMETER (RLIN) | |
| Put command parameter | 081008 |
| 950 ## - LOCAL HOLDINGS (RLIN) | |
| -- | 1 |
| Withdrawn status | Lost status | Source of classification or shelving scheme | Not for loan | Home library | Current library | Date acquired | Total Checkouts | Full call number | Barcode | Date last seen | Price effective from | Koha item type |
|---|---|---|---|---|---|---|---|---|---|---|---|---|
| Library of Congress Classification | Kabarak, Nakuru City Campus | Kabarak, Nakuru City Campus | 21/10/2015 | BV4408.5 .E54 c. 1 | 005815 | 21/10/2015 | 21/10/2015 | General Collection |